|
|
|
|
| LEADER |
00000nam a2200000 a 4500 |
| 001 |
vtls009277430 |
| 003 |
SK-MaSNL |
| 005 |
20260301081543.0 |
| 008 |
251112 1779 000 0 lat |
| 040 |
|
|
|a SNK
|b slo
|c SNK
|e AACR2
|
| 041 |
0 |
|
|a lat
|
| 044 |
|
|
|a hu
|c HU
|
| 080 |
|
|
|a 634.1/.8
|2 2001
|
| 080 |
|
|
|a 634/635(091)
|2 2001
|
| 080 |
|
|
|a 63(091)
|2 2001
|
| 080 |
|
|
|a (075)
|2 2001
|
| 100 |
1 |
|
|a Mitterpacher von Mitterburg, Ludwig,
|d 1734-1814
|4 aut
|9 405018
|
| 245 |
1 |
0 |
|a Elementa rei rusticae in usum Academiarum regni Hungariae
|n Pars prima
|c Conscripta a Ludovico Mitterpacher, de Mitternburg, Presbyt. Membro Societatis eoconomicae inferioris Austriae & in Regia Scientiarum Universitate Budensi rei rusticae Professore publico, ordinario
|
| 246 |
1 |
|
|i Súčasť zbierky:
|a Knižnica Martina Hamuliaka
|
| 260 |
|
|
|a Budae
|b [s.n.]
|c 1777
|e Budae
|f Typis Regiae Universitatis
|
| 500 |
|
|
|a Vinety, ozdobné linky z typografických ozdôbok, vlysy
|
| 546 |
|
|
|a Latinčina
|b Antikva
|b Kurzíva
|
| 561 |
|
|
|a Okrúhla pečiatka: Dar Martina Hamuljaka Matici slovenskej.
|5 SNK SD 15435/1
|
| 561 |
|
|
|a Okrúhla pečiatka: Nyitravármegyei Muzeum 1900.
|5 SNK SD 15435/1
|
| 561 |
|
|
|a Okrúhla pečiatka: Knižnica Matice slovenskej.
|5 SNK SD 15435/1
|
| 650 |
0 |
7 |
|a ovocinárstvo
|2 SNKPH
|9 16370
|
| 650 |
0 |
7 |
|a dejiny záhradníctva
|2 SNKPH
|9 132489
|
| 650 |
0 |
7 |
|a dejiny poľnohospodárstva
|2 SNKPH
|9 60041
|
| 651 |
|
7 |
|a Uhorsko
|2 SNKPHgeo
|9 28673
|
| 655 |
|
7 |
|a učebnice
|2 SNKPH
|9 22521
|
| 700 |
1 |
|
|a Hamuljak, Martin,
|d 1789-1859
|4 own
|4 fmo
|9 79936
|
| 710 |
2 |
|
|a Typis Regiae Universitatis (Budapešť, Maďarsko),
|d 1770-1840
|4 prt
|9 341180
|
| 752 |
|
|
|a Maďarsko
|d Budapest
|
| 852 |
|
|
|a snk
|b Historické fondy
|p SD 15435/1
|
| 958 |
|
|
|a ONDV
|
| 999 |
|
|
|c 656185
|d 658115
|
| 952 |
|
|
|t Ham 530
|a SNK
|b SNK
|y PREZ
|7 0
|p 17X09277430001
|o snkSD 15435/1
|i snk 2250/58
|8 5
|3 rekatalogizácia
|0 0
|1 0
|4 0
|d 2008-03-18
|l 0
|r 2026-02-23 18:37:05
|w 2026-02-23
|